| 000 | 00572nam a22001457a 4500 | ||
|---|---|---|---|
| 020 | _a0-09-922282-5 | ||
| 082 |
_a823 _bCRI/E |
||
| 100 | _aCRICHTON,MICHAEL | ||
| 245 | _aEATERS OF THE DEAD | ||
| 260 |
_aLONDON _bRANDOM HOUSE GROUP |
||
| 300 | _a186 | ||
| 520 | _aIt is 922 A.D. The refined Arab courtier Ibn Fadlan is accompanying a party of Viking warriors back to their home. He is appalled by their customs—the gratuitous sexuality of their women, their disregard for cleanliness, and their cold-blooded sacrifices. | ||
| 650 |
_aNOVEL ENGLISH _zLONDON |
||
| 942 | _cBK | ||
| 999 |
_c2337 _d2337 |
||